书目信息 |
| 题名: |
有限元高精度后处理理论
|
|
| 作者: | 朱起定 著 | |
| 分册: | ||
| 出版信息: | 北京 科学出版社 2008.05 |
|
| 页数: | 17, 399页 | |
| 开本: | 24cm | |
| 丛书名: | ||
| 单 册: | ||
| 中图分类: | O242.21 | |
| 科图分类: | ||
| 主题词: | 有限元法--you xian yuan fa--精度--理论 | |
| 电子资源: | ||
| ISBN: | 978-7-03-020649-7 | |
| 000 | 00937nam0 2200253 450 | |
| 001 | 012009865671 | |
| 005 | 20090917162224.03 | |
| 010 | @a978-7-03-020649-7@dCNY68.00 | |
| 100 | @a20090917d2008 em y0chiy0120 ea | |
| 101 | 0 | @achi |
| 102 | @aCN@b110000 | |
| 105 | @aa a 000yy | |
| 106 | @ar | |
| 200 | 1 | @a有限元高精度后处理理论@Ayou xian yuan gao jing du hou chu li li lun@f朱起定著@Fzhu qi ding zhu |
| 210 | @a北京@c科学出版社@d2008.05 | |
| 215 | @a17, 399页@c图@d24cm | |
| 300 | @a国家自然科学基金资助 | |
| 320 | @a有书目 (第381-399页) | |
| 330 | @a本书共十二章。前五章介绍超收敛和超逼近理论,包括高次矩形的插值误差的弱估计和超逼近估计等内容;后七章介绍超收敛后处理理论,包括调和方程边值问题的概率算法、多维离散Green函数理论等内容。 | |
| 606 | 0 | @a有限元法@Ayou xian yuan fa@x精度@x理论 |
| 690 | @aO242.21@v4 | |
| 701 | 0 | @a朱起定@Azhu qi ding@4著 |
| 801 | 0 | @aCN@bQSSK@c20090917 |
| 905 | @b753862-64@dO242.21@eZ860@f3 | |
| 有限元高精度后处理理论/朱起定著.-北京:科学出版社,2008.05 |
| 17, 399页:图;24cm |
| 国家自然科学基金资助 |
| ISBN 978-7-03-020649-7:CNY68.00 |
| 本书共十二章。前五章介绍超收敛和超逼近理论,包括高次矩形的插值误差的弱估计和超逼近估计等内容;后七章介绍超收敛后处理理论,包括调和方程边值问题的概率算法、多维离散Green函数理论等内容。 |
| ● |
| 相关链接 |
|
|
|
正题名:有限元高精度后处理理论
索取号:O242.21/Z860
 
预约/预借
| 序号 | 登录号 | 条形码 | 馆藏地/架位号 | 状态 | 备注 |
| 1 | 753862 | 207538627 | 自科库401/401自科库 50排1列3层/ [索取号:O242.21/Z860] | 在馆 | |
| 2 | 753863 | 207538636 | 自科库401/401自科库 50排1列3层/ [索取号:O242.21/Z860] | 在馆 | |
| 3 | 753864 | 207538645 | 自科库401/401自科库 50排1列3层/ [索取号:O242.21/Z860] | 在馆 |